000 01568nam a22004097a 4500
003 CHAP
005 20220817044240.0
008 090128s2008 mx a r 00010 spa d
010 _a95719
011 _a96691
035 _a107347
040 _cCHAP
090 _aTesis
100 1 _aOlmos Vilchis, Fidel
_983189
245 1 0 _aEtiología de la mancha foliar del filodendro (Philodendron bipinnatifidum Schott)
_c/por Fidel Olmos Vilchis
260 _aChapingo, Méx. :
_bEl autor,
_c2008
300 _axii, 49 h. :
_bilus.
502 _aTesis (Ing. Agr. Esp. en Parasitología Agrícola) -- UACH. Departamento de Parasitología Agrícola
530 _aTambién disponible en línea
590 _aALEPH
_b10
_c20130110
_lUCH01
_h1526
590 _aBATCH-UPD
_b10
_c20130110
_lUCH01
_h1415
590 _aBATCH-UPD
_b10
_c20130410
_lUCH01
_h0900
590 _aBATCH-UPD
_b10
_c20130914
_lUCH01
_h1313
590 _aBATCH-UPD
_b10
_c20140324
_lUCH01
_h1508
590 _aBATCH-UPD
_b10
_c20141002
_lUCH01
_h0838
590 _aCONVERSION
_b10
_c20130109
_lUCH01
_h1353
650 1 4 _aEpidemiología.
650 1 4 _aMancha foliar.
_970300
650 1 4 _aPhilodendrons.
_987848
650 1 4 _aPlantas ornamentales
_xEnfermedades por virus.
_989065
650 1 4 _aPlantas
_xEnfermedades por hongos.
_988830
856 _3Finding aid
_uhttp://10.13.5.2/tesis/107347.pdf
_zTeclea aqui
901 _aBK
942 _cFOLL
949 _aTesis
_bBC
_cTES
_d33724002084272
_eTS2
_fc.2
_gDonaciØn
_h48241
_i107347
_sb
949 _aTesis
_bBC
_cTES
_d33724002084314
_eTS1
_gDonaciØn
_h48240
_i107347
_sb
999 _c95719
_d95719